Sociálno-ekonomická revue vedecký časopis Fakulty sociálno-ekonomických vzťahov Trenčianskej univerzity Alexandra Dubčeka v Trenčíne

Guardado en:
Detalles Bibliográficos
Formato: Seriadas
Lenguaje:eslovaco
Publicado: Trenčín Fakulta sociálno-ekonomických vzťahov Trenčianskej univerzity Alexandra Dubčeka v Trenčíne 2018
Etiquetas: Agregar Etiqueta
Sin Etiquetas, Sea el primero en etiquetar este registro!

MARC

LEADER 00000nas2a2200000 4500
001 0245562
005 20230131141330.7
022 |a 2585-9358 
041 0 |a slo 
044 |a SK 
245 1 0 |a Sociálno-ekonomická revue  |b vedecký časopis Fakulty sociálno-ekonomických vzťahov Trenčianskej univerzity Alexandra Dubčeka v Trenčíne 
264 1 |a Trenčín  |b Fakulta sociálno-ekonomických vzťahov Trenčianskej univerzity Alexandra Dubčeka v Trenčíne  |c 2018 
773 0 |w eu_un_cat*0013658 
774 0 |w eu_un_cat*0290761